Practique de la construction en béton et mortier de ciment armés ou non armés, avec établissement rationnel des prix de revient / (Record no. 128905)

MARC details
000 -LEADER
campo de control de longitud fija 00778nam a2200205 i 4500
001 - NÚMERO DE CONTROL
campo de control 128905
003 - IDENTIFICADOR DE NÚMERO DE CONTROL
campo de control ES-MaACL
005 - FECHA Y HORA DE LA ÚLTIMA TRANSACCIÓN
campo de control 20250902221311.0
007 - CAMPO FIJO DE DESCRIPCIÓN FÍSICA--INFORMACIÓN GENERAL
campo de control de longitud fija t|
008 - DATOS DE LONGITUD FIJA--INFORMACIÓN GENERAL
campo de control de longitud fija 070530s1914 fr |||| | fre d
080 ## - NÚMERO DE LA CLASIFICACIÓN DECIMAL UNIVERSAL
Número de la Clasificación Decimal Universal 693.5
100 1# - ENTRADA PRINCIPAL--NOMBRE DE PERSONA
Nombre de persona Taylor, Frederick Winslow.
9 (RLIN) 109445
245 10 - MENCIÓN DEL TÍTULO
Título Practique de la construction en béton et mortier de ciment armés ou non armés, avec établissement rationnel des prix de revient /
Mención de responsabilidad, etc. par Frederick W. Taylor et Sandford E. Thompson ; traduit et adapté par M. Darras.
260 ## - PUBLICACIÓN, DISTRIBUCIÓN, ETC.
Lugar de publicación, distribución, etc. Paris :
Nombre del editor, distribuidor, etc. [s.n.],
Fecha de publicación, distribución, etc. 1914 (
Lugar de fabricación/manufactura Tours :
Fabricante Deslis Frères)
300 ## - DESCRIPCIÓN FÍSICA
Extensión XXIII, 720 p. ;
Dimensiones 25 cm.
650 #7 - PUNTO DE ACCESO ADICIONAL DE MATERIA--TÉRMINO DE MATERIA
Término de materia o nombre geográfico como elemento de entrada Estructuras de hormigón
Fuente del encabezamiento o término embne
9 (RLIN) 11296
700 1# - ENTRADA AGREGADA--NOMBRE PERSONAL
Nombre de persona Thompson, Sanford E.
9 (RLIN) 163058
852 ## - LOCALIZACIÓN
Ubicación ES-MaACL
Número de control de estantería B-4563
Holdings
Estatus retirado Estado de pérdida Estado de daño No para préstamo Biblioteca de origen Biblioteca actual Ubicación en estantería Fecha de adquisición Fuente de adquisición Total de préstamos Signatura topográfica completa Código de barras Visto por última vez Precio de reemplazo Tipo de ítem Koha
        Biblioteca del Ateneo de Madrid Biblioteca del Ateneo de Madrid Sala Pardo Bazán 17/01/2008     B-4563 1134242 23/02/2023 23/02/2023 Libro impreso